NAQT Geography-Deserts - Statistics

General Stats
  • This quiz has been taken 38 times
  • The average score is 7 of 11
Answer Stats
Hint Answer % Correct
Silk Road, Nemegt Basin. Gobi
93%
Atlas mountains, Sahel Sahara
82%
Driest hot desert in the world, Rain shadow of the Andes, War of the Pacific Atacama
79%
Vinson Massif, Ross, Weddell seas. Antarctic
75%
Red sand, large game reserves, San Bushmen, click language. Kalahari
64%
Great Basin, Sonoran deserts Mojave
54%
Israel Negev
54%
Australian, Western Desert. Great Sandy
46%
Welwitschia, Hoodia plants. Namib
46%
Cold desert,Kunlun, Pamir, Tian Shan Mountain Ranges. Taklamakan
32%
Petrified Forest, Grand Canyon National Park, colorful banded rock formations. Painted
29%
No matching quizzes found
Score Distribution
Percent of People with Each Score
Percentile by Number Answered
Your Score History
You have not taken this quiz